Statistics for United States Presidents in chronological order

Click here to take the quiz!

General Stats

  • This quiz has been taken 29 times
  • The average score is 39 of 46

Answer Stats

TermPresident% Correct
1789-1797George Washington
100%
1809-1817James Madison
100%
1817-1825James Monroe
100%
1797-1801John Adams
100%
1825-1829John Quincy Adams
100%
1801-1809Thomas Jefferson
100%
1829-1837Andrew Jackson
94%
1861-1865Abraham Lincoln
88%
1865-1869Andrew Johnson
88%
1885-1889Grover Cleveland
88%
1893-1897Grover Cleveland
88%
1857-1861James Buchanan
88%
1881-1881James Garfield
88%
1841-1845John Tyler
88%
1837-1841Martin Van Buren
88%
1850-1853Millard Fillmore
88%
1841-1841William Henry Harrison
88%
2009-2017Barack Obama
82%
1889-1893Benjamin Harrison
82%
1993-2001Bill Clinton
82%
1923-1929Calvin Coolidge
82%
1881-1885Chester Arthur
82%
2017-2021Donald Trump
82%
1953-1961Dwight Eisenhower
82%
1853-1857Franklin Pierce
82%
1933-1945Franklin Roosevelt
82%
1989-1993George H.W. Bush
82%
2001-2009George W. Bush
82%
1845-1849James Polk
82%
1977-1981Jimmy Carter
82%
2021-PresentJoe Biden
82%
1961-1963John F. Kennedy
82%
1963-1969Lyndon Johnson
82%
1969-1974Richard Nixon
82%
1981-1989Ronald Reagan
82%
1877-1881Rutherford Hayes
82%
1901-1909Theodore Roosevelt
82%
1869-1877Ulysses Grant
82%
1909-1913William Howard Taft
82%
1897-1901William McKinley
82%
1913-1921Woodrow Wilson
82%
1849-1850Zachary Taylor
82%
1974-1977Gerald Ford
76%
1945-1953Harry Truman
76%
1929-1933Herbert Hoover
76%
1921-1923Warren Harding
76%

Score Distribution

Percentile by Number Answered

Percent of People with Each Score

Your Score History

You have not taken this quiz